| 000 | 00455nam a2200169Ia 4500 | ||
|---|---|---|---|
| 001 | 16875 | ||
| 008 | 140404s9999 xx 000 0 und d | ||
| 020 | _a1-57521-071-1 | ||
| 040 | _cPK-LaUMT | ||
| 082 |
_a 004.68 _bEVA-B |
||
| 100 | _aTim Evans | ||
| 245 |
_aBuilding and intranet [+CD]: _ba hands-on guide to setting up an internal web. _cTim Evans |
||
| 260 |
_aIndianapolis,Indiana: _bSAMS, _c1996 |
||
| 300 | _a684 p. | ||
| 546 | _aEN | ||
| 942 | _cBK | ||
| 999 |
_c17314 _d17314 |
||